[Event "Aeroflot Open B 2017"]
[Site "Moscow RUS"]
[Date "2017.02.21"]
[Round "1.48"]
[White "Makoveev, Ilya"]
[Black "Tran, Minh Thang"]
[Result "0-1"]
[BlackTitle "FM"]
[WhiteElo "2202"]
[BlackElo "2420"]
[WhiteFideId "34155748"]
[BlackFideId "12401080"]
[EventDate "2017.02.21"]

1. Nf3 Nf6 2. c4 b6 3. g3 Bb7 4. Bg2 e6 5. d4 Be7 6. O-O O-O 7. Nc3 Ne4 8. Qc2
Nxc3 9. Qxc3 d6 10. Ne1 Bxg2 11. Nxg2 c5 12. d5 exd5 13. cxd5 Nd7 14. e4 b5 15.
Qc2 Bf6 16. Bd2 c4 17. Rad1 Ne5 18. Ne3 Re8 19. Bc3 Nd3 20. Rxd3 cxd3 21. Qxd3
Bxc3 22. bxc3 Qc7 23. Nf5 g6 24. Nd4 Qc4 25. Qf3 b4 26. Rc1 bxc3 27. Qxc3 Qxc3
28. Rxc3 Rxe4 29. Nb5 Re1+ 30. Kg2 Rd1 31. Rc6 Rb8 32. Nc7 Rb6 33. Rc2 Kf8 34.
a4 Rbb1 35. Re2 Re1 36. Rd2 a5 37. Nb5 Ke7 38. Nd4 Rbd1 39. Nc6+ Kd7 40. Rxd1
Rxd1 41. Nxa5 Rxd5 42. Nc4 Rd4 43. Nb6+ Kc6 44. a5 Kb5 45. Nd7 Kxa5 46. Kf3 Kb5
47. Ke3 Rd1 48. Nf6 h5 49. h4 Kc4 50. Ke2 Ra1 51. Ne4 d5 52. Nd6+ Kc3 53. Nxf7
d4 54. Ne5 Ra2+ 55. Kf3 d3 0-1

[Event "Aeroflot Open B 2017"]
[Site "Moscow RUS"]
[Date "2017.02.21"]
[Round "1.49"]
[White "Palachev, Petr"]
[Black "Salman, Pavel"]
[Result "0-1"]
[WhiteTitle "FM"]
[BlackTitle "FM"]
[WhiteElo "2418"]
[BlackElo "2197"]
[WhiteFideId "24129003"]
[BlackFideId "24153753"]
[EventDate "2017.02.21"]

1. d4 Nf6 2. Nf3 e6 3. g3 c5 4. Bg2 Nc6 5. O-O cxd4 6. Nxd4 Bc5 7. Nxc6 bxc6 8.
c4 O-O 9. Nc3 d5 10. Qc2 Ba6 11. b3 Rc8 12. Bb2 Qe7 13. Na4 Bd6 14. Rfd1 Rfd8
15. Rac1 h5 16. e3 h4 17. Nc3 Ng4 18. Rd4 Qg5 19. Qe2 f5 20. h3 e5 21. gxh4 Qxh4
22. Rd2 Nf6 23. Qd1 d4 24. exd4 exd4 25. Ne2 Ne4 26. Bxe4 fxe4 27. Rxd4 Be5 28.
Rxd8+ Rxd8 29. Qxd8+ Qxd8 30. Bxe5 Qd2 31. Kf1 Bc8 32. Rc3 Qd1+ 33. Kg2 Qxe2 34.
Rg3 Kf7 35. Rxg7+ Ke6 36. Bd4 Qxa2 37. Rg6+ Kd7 38. Rg7+ Kd6 39. Rxa7 Qxb3 40.
c5+ Kd5 41. Be3 Qd1 42. Rh7 Qf3+ 43. Kh2 Kc4 44. Rh6 Bd7 45. Rh7 Bf5 46. Rh6 Bd7
47. Rh7 Qf5 48. Rh4 Qe5+ 49. Kg2 Kd3 50. Rh7 Qf5 51. Rh6 Ke2 52. Kg1 Be6 53. Kg2
Qf3+ 54. Kg1 Qf7 55. Kh2 Kf1 0-1

[Event "Aeroflot Open B 2017"]
[Site "Moscow RUS"]
[Date "2017.02.21"]
[Round "1.51"]
[White "Savitskiy, Sergey"]
[Black "Zherebtsova, Alexandra"]
[Result "1/2-1/2"]
[WhiteTitle "FM"]
[BlackTitle "WFM"]
[WhiteElo "2415"]
[BlackElo "2186"]
[WhiteFideId "24105660"]
[BlackFideId "24129518"]
[EventDate "2017.02.21"]

1. e4 e5 2. Nf3 Nc6 3. Bb5 a6 4. Ba4 Nf6 5. O-O Be7 6. Re1 b5 7. Bb3 d6 8. c3
O-O 9. d3 Na5 10. Bc2 c5 11. Nbd2 Nc6 12. Nf1 Re8 13. h3 h6 14. Ng3 Bf8 15. d4
exd4 16. cxd4 cxd4 17. Nxd4 Nxd4 18. Qxd4 Bb7 19. Bd2 d5 20. e5 Ne4 21. Nxe4
dxe4 22. Qxd8 Raxd8 23. Bf4 g5 24. Bg3 Rd2 25. Bb3 Bc5 26. Rac1 Bb6 27. Rc2 Rxc2
28. Bxc2 Bd4 29. Rd1 Bxb2 30. Rd7 Bc8 31. Rc7 Bf5 32. Ra7 Bxe5 33. Bb3 Be6 34.
Bxe5 Bxb3 35. Bb2 Bxa2 36. Rxa6 Be6 37. Rb6 Kh7 38. Rxb5 Kg6 39. Re5 Bd7 40.
Rxe8 Bxe8 1/2-1/2

[Event "Aeroflot Open B 2017"]
[Site "Moscow RUS"]
[Date "2017.02.21"]
[Round "1.53"]
[White "Korchmar, Vasiliy"]
[Black "Assaubayeva, Bibisara"]
[Result "1-0"]
[WhiteTitle "IM"]
[BlackTitle "WFM"]
[WhiteElo "2409"]
[BlackElo "2177"]
[WhiteFideId "24131750"]
[BlackFideId "13708694"]
[EventDate "2017.02.21"]

1. d4 Nf6 2. Nf3 g6 3. Bg5 Bg7 4. Nbd2 d5 5. e3 O-O 6. Be2 c5 7. c3 Nc6 8. dxc5
a5 9. a4 e5 10. Qb3 Rb8 11. O-O Be6 12. Qa3 h6 13. Bh4 g5 14. Bg3 Nd7 15. Ne1 f5
16. f3 Rc8 17. Nb3 Re8 18. Bf2 e4 19. fxe4 dxe4 20. Nc2 f4 21. Ncd4 Nxd4 22.
Nxd4 Nxc5 23. Nxe6 Nxe6 24. Bh5 Re7 25. Rad1 Qc7 26. Rd5 Rf8 27. Rfd1 fxe3 28.
Bxe3 Nf4 29. Rc5 Qb6 30. Bg4 Nd3 31. Be2 Qxb2 32. Qxb2 Nxb2 33. Ra1 Nd3 34. Rc4
Rf6 35. Rb1 Rc6 36. Rxc6 bxc6 37. Rb6 c5 38. Rc6 Bxc3 39. Rxh6 Re5 40. Rg6+ Kh7
41. Rxg5 Rxg5 42. Bxg5 Bd4+ 43. Kf1 c4 44. Bd1 c3 45. Bc2 Be5 46. Ke2 Nf4+ 47.
Bxf4 Bxf4 48. Bxe4+ Kh6 49. g3 Bd6 50. Kf3 Kg5 51. Bc2 Bc7 52. Bd1 Kf5 53. h4
Bd6 54. g4+ Kg6 55. Kg2 Be7 56. Bc2+ Kh6 57. Kh3 Bc5 58. g5+ Kh5 59. Bb3 Kg6 60.
Kg4 Bf2 1-0

[Event "Aeroflot Open B 2017"]
[Site "Moscow RUS"]
[Date "2017.02.21"]
[Round "1.56"]
[White "Peng, Shunkai"]
[Black "Mammadova, Gulnar"]
[Result "1/2-1/2"]
[WhiteTitle "CM"]
[BlackTitle "IM"]
[WhiteElo "2137"]
[BlackElo "2401"]
[WhiteFideId "8614601"]
[BlackFideId "13403508"]
[EventDate "2017.02.21"]

1. e4 g6 2. d4 Bg7 3. Nc3 c6 4. Be3 d5 5. f3 dxe4 6. fxe4 Nf6 7. h3 Nh5 8. Nf3
Ng3 9. Rg1 O-O 10. Qd2 b5 11. Bd3 f5 12. e5 Be6 13. a4 b4 14. Ne2 Nxe2 15. Bxe2
a5 16. c4 bxc3 17. bxc3 c5 18. Ng5 Bd5 19. c4 cxd4 20. Qxd4 Be4 21. Ne6 Qxd4 22.
Bxd4 Nc6 23. Bc3 Rfb8 24. Nxg7 Kxg7 25. Kf2 Kf7 26. c5 Ke6 27. Bc4+ Bd5 28. Bb5
Nxe5 29. Rad1 Be4 30. Bxe5 Kxe5 31. Rd7 Rc8 32. Rxe7+ Kf6 33. Rxh7 Rxc5 34. Rd1
Rc2+ 35. Be2 Re8 36. Rd6+ Ke5 37. Rdd7 Bxg2 38. Rhe7+ Rxe7 39. Rxe7+ Kf6 40. Ra7
Bxh3 41. Ke1 Rc5 42. Bb5 f4 43. Rxa5 Ke5 44. Ra8 f3 45. Kf2 Bf5 46. Rd8 Be4 47.
Bd3 Bd5 48. Bxg6 Rc6 49. Bd3 Kd4 50. Bf1 Rc2+ 51. Kg3 Ra2 52. Bh3 Kc5 53. Rf8
Kd4 54. Rd8 Ke5 55. Rf8 Bc6 56. a5 Kd4 57. Rc8 Be4 58. Bf1 Rxa5 59. Rc4+ Ke5 60.
Rc7 Ra1 1/2-1/2

[Event "Aeroflot Open B 2017"]
[Site "Moscow RUS"]
[Date "2017.02.21"]
[Round "1.57"]
[White "Sargsyan, Shant"]
[Black "Pujari, Rucha"]
[Result "0-1"]
[WhiteTitle "CM"]
[BlackTitle "WFM"]
[WhiteElo "2399"]
[BlackElo "2127"]
[WhiteFideId "13306766"]
[BlackFideId "5024528"]
[EventDate "2017.02.21"]

1. d4 d5 2. c4 e6 3. Nc3 Nf6 4. Nf3 Be7 5. Bf4 O-O 6. Rc1 Ne4 7. cxd5 Nxc3 8.
bxc3 exd5 9. e3 Bg4 10. Qb3 b6 11. Ne5 Be6 12. Bb5 a6 13. Bd3 f6 14. Nf3 b5 15.
h4 Nc6 16. Qb1 f5 17. g4 Qd7 18. Ke2 h6 19. g5 h5 20. g6 Bd6 21. Ng5 Bxf4 22.
exf4 Ne7 23. Kf3 Nxg6 24. Rce1 Rae8 25. Qb4 Qc6 26. Kg3 Bd7 27. Be2 Re4 28. Qc5
Qxc5 29. dxc5 Nxf4 30. Bf3 c6 31. Bxe4 fxe4 32. f3 exf3 33. Nxf3 Nd3 34. Re3
Nxc5 35. Ng5 Bf5 36. Rf1 Ne4+ 37. Nxe4 dxe4 38. Rd1 Rf6 39. Rd8+ Kf7 40. Ra8 Ke6
41. Rxa6 Rg6+ 42. Kf2 Ke5 43. a4 bxa4 44. Rxa4 Rg4 45. Ra5+ Kf4 46. Rh3 Rg6 47.
Re3 Rd6 48. Ra4 Rd2+ 49. Re2 Rd3 50. Rc4 g6 51. Rxc6 Rh3 52. Rc4 Rxh4 53. Kg2
Rg4+ 54. Kf2 Rg3 55. Re1 Rf3+ 56. Kg2 h4 57. Rc7 h3+ 58. Kh1 g5 59. c4 g4 60.
Ra7 g3 0-1

[Event "Aeroflot Open B 2017"]
[Site "Moscow RUS"]
[Date "2017.02.21"]
[Round "1.58"]
[White "Hakobyan, Hovhannes H."]
[Black "Odeev, Handszar"]
[Result "1/2-1/2"]
[BlackTitle "GM"]
[WhiteElo "2103"]
[BlackElo "2397"]
[WhiteFideId "13306308"]
[BlackFideId "14000091"]
[EventDate "2017.02.21"]

1. e4 c5 2. Nf3 d6 3. d4 cxd4 4. Qxd4 e5 5. Bb5+ Nd7 6. Qd3 a6 7. Bxd7+ Bxd7 8.
Nc3 h6 9. Nd2 Nf6 10. Nc4 Bc6 11. Ne3 Rc8 12. O-O Be7 13. Ned5 Nxd5 14. Nxd5
Bxd5 15. Qxd5 Qc7 16. Be3 Qc6 17. c4 Qxd5 18. cxd5 Kd7 19. Rfc1 1/2-1/2

[Event "Aeroflot Open B 2017"]
[Site "Moscow RUS"]
[Date "2017.02.22"]
[Round "2.2"]
[White "Yudin, Sergei"]
[Black "Fakhrutdinov, Timur"]
[Result "1/2-1/2"]
[WhiteTitle "GM"]
[BlackTitle "FM"]
[WhiteElo "2523"]
[BlackElo "2430"]
[WhiteFideId "4159659"]
[BlackFideId "24176702"]
[EventDate "2017.02.21"]

1. Nf3 Nf6 2. g3 d5 3. c4 e6 4. Bg2 dxc4 5. Qa4+ Nbd7 6. Qxc4 c5 7. O-O a6 8.
Qc2 b5 9. a4 Bb7 10. axb5 axb5 11. Rxa8 Qxa8 12. Na3 Bc6 13. Nh4 Nd5 14. Bxd5
exd5 15. d4 g6 16. dxc5 b4 17. Nb1 Bg7 18. Nd2 O-O 19. Ndf3 d4 20. Rd1 b3 21.
Qc4 Bd5 22. Qb5 Bc6 23. Qc4 Bd5 24. Qb5 Bc6 25. Qc4 Bd5 1/2-1/2

[Event "Aeroflot Open B 2017"]
[Site "Moscow RUS"]
[Date "2017.02.22"]
[Round "2.4"]
[White "Atabayev, Saparmyrat"]
[Black "Matinian, Nikita"]
[Result "1/2-1/2"]
[WhiteTitle "FM"]
[BlackTitle "IM"]
[WhiteElo "2422"]
[BlackElo "2494"]
[WhiteFideId "14000571"]
[BlackFideId "24129100"]
[EventDate "2017.02.21"]

1. e4 e5 2. Nf3 Nc6 3. Bb5 a6 4. Ba4 Nf6 5. O-O Be7 6. Re1 b5 7. Bb3 d6 8. c3
O-O 9. h3 Nb8 10. d4 Nbd7 11. Nbd2 Bb7 12. Bc2 Re8 13. Nf1 Bf8 14. Ng3 g6 15.
dxe5 Nxe5 16. Nxe5 dxe5 17. Qf3 Bg7 18. Be3 Qe7 19. Red1 Red8 20. b4 Rxd1+ 21.
Rxd1 Rd8 22. Rxd8+ Qxd8 23. c4 bxc4 24. Qe2 c3 25. Qc4 h5 26. Bg5 Qd7 27. Qxc3
Nh7 28. Qd2 Qxd2 29. Bxd2 Nf8 30. Ne2 1/2-1/2

[Event "Aeroflot Open B 2017"]
[Site "Moscow RUS"]
[Date "2017.02.22"]
[Round "2.5"]
[White "Potapov, Pavel"]
[Black "Kazakovskiy, Valeriy"]
[Result "1/2-1/2"]
[WhiteTitle "GM"]
[BlackTitle "IM"]
[WhiteElo "2493"]
[BlackElo "2429"]
[WhiteFideId "4169786"]
[BlackFideId "13507443"]
[EventDate "2017.02.21"]

1. e4 c5 2. Nf3 a6 3. c3 d5 4. exd5 Nf6 5. d4 cxd4 6. c4 e6 7. dxe6 Bxe6 8. Qxd4
Nc6 9. Qxd8+ Rxd8 10. Be2 Nb4 11. Na3 Bc5 12. O-O O-O 13. Bg5 h6 14. Bxf6 gxf6
15. Rfd1 Rxd1+ 16. Rxd1 Nxa2 17. Nc2 Rc8 18. Ra1 Nb4 19. Nxb4 1/2-1/2

[Event "Aeroflot Open B 2017"]
[Site "Moscow RUS"]
[Date "2017.02.22"]
[Round "2.7"]
[White "Evdokimov, Alexander A."]
[Black "Duzhakov, Ilya"]
[Result "1-0"]
[WhiteTitle "GM"]
[BlackTitle "FM"]
[WhiteElo "2492"]
[BlackElo "2424"]
[WhiteFideId "4139275"]
[BlackFideId "4192516"]
[EventDate "2017.02.21"]

1. Nf3 Nf6 2. c4 e6 3. g3 d5 4. Bg2 Be7 5. O-O O-O 6. b3 c5 7. Bb2 Nc6 8. e3 b6
9. Qe2 Bb7 10. d3 Qd7 11. Nbd2 Rfd8 12. Rfd1 Rac8 13. a3 Qe8 14. e4 d4 15. Ne1
e5 16. f4 a6 17. f5 b5 18. g4 h6 19. h4 Nh7 20. Nef3 Rb8 21. Rdb1 Rd7 22. Bc1
Bc8 23. Qe1 Rdb7 24. Qg3 g5 25. hxg5 hxg5 26. Bf1 f6 27. Be2 Bd8 28. Bd1 Ba5 29.
Ra2 Bc3 30. Qh3 Nf8 31. Qh6 Qd8 32. Nxg5 Bxd2 33. Rxd2 Qe7 34. Rh2 Qg7 35. Qxg7+
Rxg7 36. Rh6 bxc4 37. Rxf6 Na5 38. dxc4 Nxc4 39. Be2 Nb6 40. Nh3 Nfd7 41. Rd6
Bb7 42. Nf2 Nc8 43. Rh6 Rh7 44. Re6 Ncb6 45. Bd2 Rf8 46. Ba5 Nc8 47. b4 Nf6 48.
Rxe5 Nd6 49. bxc5 Ndxe4 50. Rxb7 d3 51. Nxe4 1-0

[Event "Aeroflot Open B 2017"]
[Site "Moscow RUS"]
[Date "2017.02.22"]
[Round "2.8"]
[White "Belyakov, Bogdan"]
[Black "Dvalishvili, Pavel S."]
[Result "1/2-1/2"]
[WhiteTitle "IM"]
[BlackTitle "IM"]
[WhiteElo "2487"]
[BlackElo "2420"]
[WhiteFideId "24104795"]
[BlackFideId "4121996"]
[EventDate "2017.02.21"]

1. e4 e5 2. Nf3 Nc6 3. Nc3 Nf6 4. d4 exd4 5. Nxd4 Bb4 6. Nxc6 bxc6 7. Bd3 d5 8.
exd5 cxd5 9. O-O O-O 10. Qf3 Bg4 11. Qg3 Bh5 12. Bg5 c6 13. Qh4 Bxc3 14. bxc3
Bg6 15. Rfe1 Qd6 16. Rab1 Rfe8 17. Bxf6 gxf6 18. Qg3 Rxe1+ 19. Rxe1 Qxg3 20.
hxg3 Rb8 1/2-1/2

[Event "Aeroflot Open B 2017"]
[Site "Moscow RUS"]
[Date "2017.02.22"]
[Round "2.12"]
[White "Diermair, Andreas"]
[Black "Korchmar, Vasiliy"]
[Result "1/2-1/2"]
[WhiteTitle "IM"]
[BlackTitle "IM"]
[WhiteElo "2465"]
[BlackElo "2409"]
[WhiteFideId "1612468"]
[BlackFideId "24131750"]
[EventDate "2017.02.21"]

1. d4 Nf6 2. c4 e6 3. Nf3 d5 4. Nc3 Bb4 5. cxd5 exd5 6. Bg5 h6 7. Bh4 O-O 8. Qc2
g5 9. Bg3 Ne4 10. e3 Bf5 11. Bd3 Nd7 12. Nd2 Bxc3 13. bxc3 Nxg3 14. hxg3 Bxd3
15. Qxd3 Kg7 16. g4 Nf6 17. Nf1 Ne4 18. f3 Nd6 19. Ng3 Re8 20. Kf2 Re6 21. e4
dxe4 22. fxe4 f6 23. Rae1 c5 24. Nf5+ Nxf5 25. gxf5 Re8 26. Qh3 Rh8 27. e5 cxd4
28. exf6+ Kf8 29. Re7 Qb6 30. cxd4 Qxd4+ 31. Qe3 Qxe3+ 32. Rxe3 Kf7 33. g4 Rae8
34. Reh3 Re4 35. Kf3 Rhe8 36. Rxh6 Rf4+ 37. Kg3 Re3+ 38. Kg2 Re2+ 39. Kg3 Re3+
40. Kh2 Re2+ 41. Kh3 Re3+ 1/2-1/2

[Event "Aeroflot Open B 2017"]
[Site "Moscow RUS"]
[Date "2017.02.22"]
[Round "2.15"]
[White "Zakhartsov, Vladimir"]
[Black "Pustovoitova, Daria"]
[Result "1/2-1/2"]
[WhiteTitle "IM"]
[BlackTitle "FM"]
[WhiteElo "2453"]
[BlackElo "2407"]
[WhiteFideId "4145097"]
[BlackFideId "4182146"]
[EventDate "2017.02.21"]

1. d4 Nf6 2. c4 e6 3. Nf3 Bb4+ 4. Nbd2 O-O 5. a3 Be7 6. e4 d6 7. Bd3 c5 8. d5 e5
9. b4 Nbd7 10. Nb3 b6 11. Bd2 Nh5 12. bxc5 bxc5 13. g3 g6 14. Bh6 Ng7 15. g4 Nf6
16. h3 Kh8 17. Bd2 Ng8 18. Rg1 f5 19. gxf5 gxf5 20. Qc2 Qe8 21. Bc3 fxe4 22.
Bxe4 Qh5 23. Nbd2 Rf4 24. O-O-O Nf6 25. Rg5 Qh6 26. Rdg1 Nxe4 27. Rxg7 Bf5 28.
Nxe5 dxe5 29. Rxe7 Nf6 30. Qb3 Rxf2 31. Rxe5 Rf8 32. Ree1 Bg6 33. Ref1 Rxf1+ 34.
Rxf1 Qh4 35. d6 Kg8 36. Bxf6 Rxf6 37. Qb8+ Kg7 38. Qb2 Qd4 39. Qxd4 cxd4 40.
Rxf6 Kxf6 41. Nb3 Bf5 42. h4 Ke5 43. Kd2 Bg4 44. Na5 Bd7 45. Nb3 Bg4 46. a4 Bc8
47. a5 Bg4 48. a6 Kxd6 49. Nxd4 Kc5 50. Kc3 Bc8 51. h5 h6 52. Nb3+ Kb6 53. Nd4
Bg4 54. Kb4 Bxh5 55. Nf5 Bg4 56. Nxh6 Be6 57. c5+ 1/2-1/2

[Event "Aeroflot Open B 2017"]
[Site "Moscow RUS"]
[Date "2017.02.22"]
[Round "2.17"]
[White "Lugovskoy, Maxim"]
[Black "Gorbatov, Alexej"]
[Result "1-0"]
[WhiteTitle "IM"]
[BlackTitle "IM"]
[WhiteElo "2447"]
[BlackElo "2374"]
[WhiteFideId "24126454"]
[BlackFideId "4111834"]
[EventDate "2017.02.21"]

1. d4 Nf6 2. Nc3 d5 3. Bf4 a6 4. Nf3 e6 5. e3 c5 6. Bd3 b5 7. a3 Bb7 8. O-O Nbd7
9. Ne5 c4 10. Be2 Nxe5 11. Bxe5 Be7 12. f4 O-O 13. f5 Nd7 14. Bg3 exf5 15. Rxf5
Nb6 16. Qd2 g6 17. Rf2 f5 18. Bf4 Bc8 19. Raf1 Be6 20. Bh6 Rf7 21. g4 Bg5 22.
Bxg5 Qxg5 23. Nd1 a5 24. Qe1 Qh4 25. Bf3 fxg4 26. Bg2 g3 27. hxg3 Qxg3 28. Qd2
Nc8 29. Rxf7 Bxf7 30. Nc3 Nd6 31. Qf2 Qxf2+ 32. Rxf2 Rd8 33. Nxd5 Nf5 34. Nf6+
Kg7 35. Ng4 Be8 36. d5 h5 37. e4 hxg4 38. exf5 gxf5 39. Rxf5 Bg6 40. Rf2 b4 41.
axb4 axb4 42. Rf4 Bxc2 43. Rxc4 b3 44. Rxg4+ Kf6 45. Kf2 Ra8 46. Ke3 Ke5 47. Rh4
Bg6 48. Rg4 Bf5 49. Rb4 Bc2 50. Rb6 Re8 51. Kd2 Rg8 52. Bf3 Rg3 53. Re6+ Kd4 54.
Rf6 Ke5 55. Rf8 Bf5 56. Re8+ Kd6 57. Re3 Bg4 58. Be4 Rxe3 59. Kxe3 Ke5 60. Kd3
Bd1 61. Bg2 Bc2+ 62. Kc4 Kd6 63. Bf3 Kd7 64. Kc5 Kc7 65. Bg4 Be4 66. d6+ Kb7 67.
Kd4 Bc6 68. Ke5 Kb6 69. Ke6 Kc5 70. d7 Bxd7+ 71. Kxd7 1-0

[Event "Aeroflot Open B 2017"]
[Site "Moscow RUS"]
[Date "2017.02.22"]
[Round "2.19"]
[White "Mikaelyan, Arman"]
[Black "Lesovoi, Evgenij"]
[Result "1-0"]
[WhiteTitle "IM"]
[WhiteElo "2442"]
[BlackElo "2323"]
[WhiteFideId "13304852"]
[BlackFideId "24164135"]
[EventDate "2017.02.21"]

1. d4 Nf6 2. c4 e6 3. Nf3 b6 4. g3 Ba6 5. b3 Bb4+ 6. Bd2 Be7 7. Nc3 c6 8. e4 d5
9. Bd3 dxe4 10. Nxe4 Nbd7 11. Qe2 Bb7 12. O-O-O c5 13. dxc5 Nxc5 14. Nxc5 Bxc5
15. Bc3 Qe7 16. Bc2 O-O 17. Rhg1 Rfd8 18. Rxd8+ Rxd8 19. g4 Bxf3 20. Qxf3 Bd4
21. g5 Bxc3 22. Qxc3 Nd7 23. h4 Nf8 24. h5 Qc5 25. Rg4 e5 26. h6 Ng6 27. Qe3
Qxe3+ 28. fxe3 gxh6 29. gxh6 a5 30. Rg5 Re8 31. Kd2 Kf8 32. Kc3 Re6 33. Rh5 Rf6
34. Bf5 Ke7 35. Bxg6 Rxg6 36. Rxe5+ Kd6 37. Rh5 Rg3 38. Kd4 Rg2 39. a4 Rg4+ 40.
e4 Rg1 41. Rd5+ Kc6 42. Rf5 Rg6 43. c5 f6 44. cxb6 Kxb6 45. Rh5 Rg3 46. Rb5+ Ka6
47. Rd5 Rxb3 48. Rd6+ Kb7 49. Rxf6 Rb4+ 50. Kd5 Rxa4 51. Rf7+ Kb6 52. e5 Ra1 53.
e6 Rd1+ 54. Ke5 a4 55. e7 Re1+ 56. Kd6 1-0

[Event "Aeroflot Open B 2017"]
[Site "Moscow RUS"]
[Date "2017.02.22"]
[Round "2.21"]
[White "Salman, Pavel"]
[Black "Hakobyan, Aram"]
[Result "1/2-1/2"]
[WhiteTitle "FM"]
[BlackTitle "FM"]
[WhiteElo "2197"]
[BlackElo "2438"]
[WhiteFideId "24153753"]
[BlackFideId "13306677"]
[EventDate "2017.02.21"]

1. d4 Nf6 2. c4 e6 3. g3 d5 4. Nf3 Bb4+ 5. Bd2 Bd6 6. Bg2 Nbd7 7. O-O c6 8. Qc2
O-O 9. Bg5 h6 10. Bxf6 Nxf6 11. Nbd2 b6 12. e4 Be7 13. Rfd1 Bb7 14. e5 Nd7 15.
cxd5 cxd5 16. Nf1 Nb8 17. Ne3 Nc6 18. a3 Rc8 19. Qe2 Qd7 20. b4 Rc7 21. h4 Rfc8
22. Nh2 Nb8 23. Bh3 Rc3 24. f4 Qa4 25. f5 Qb3 26. Nhg4 Ba6 27. Qf2 exf5 28. Rdb1
Qa4 29. Nxf5 Bf8 30. Rf1 Bxf1 31. Rxf1 Qc2 32. Qf4 Kh8 33. Bg2 Qb2 34. Nfxh6
gxh6 35. Nxh6 Rc1 36. Nxf7+ Kg8 37. Qg4+ Bg7 1/2-1/2

[Event "Aeroflot Open B 2017"]
[Site "Moscow RUS"]
[Date "2017.02.22"]
[Round "2.22"]
[White "Makhmutov, Rail"]
[Black "Ragnarsson, Dagur"]
[Result "1-0"]
[WhiteTitle "FM"]
[BlackTitle "FM"]
[WhiteElo "2437"]
[BlackElo "2276"]
[WhiteFideId "4122151"]
[BlackFideId "2304058"]
[EventDate "2017.02.21"]

1. d4 d5 2. Nf3 e6 3. Bf4 c5 4. e3 Nc6 5. c3 Nf6 6. Nbd2 Bd6 7. Bg3 O-O 8. Bd3
b6 9. Ne5 Ne7 10. f4 Bb7 11. Qb1 g6 12. O-O Nf5 13. Bf2 Be7 14. a4 a6 15. g4 Nd6
16. Bh4 Nfe4 17. Bxe7 Qxe7 18. Bxe4 dxe4 19. Ndc4 f6 20. Nxd6 Qxd6 21. Nc4 Qc7
22. a5 cxd4 23. Nxb6 dxe3 24. Nxa8 Rxa8 25. Qe1 e2 26. Qxe2 Qc5+ 27. Kg2 Rd8 28.
Rad1 Rd3 29. h3 Qb5 30. Rfe1 g5 31. Kh2 Bd5 32. Rxd3 exd3 33. Qd2 gxf4 34. Qxf4
Qxb2+ 35. Kg3 d2 36. Rd1 Qxc3+ 37. Kf2 Qxh3 38. Rxd2 Qc3 39. Re2 Qc5+ 40. Re3
Qxa5 41. Qxf6 Qd2+ 42. Re2 Qb4 43. Kg3 Qf8 44. Qg5+ Qg7 45. Qd8+ Qf8 46. Qg5+
Qg7 47. Qf4 h5 48. g5 Qa1 49. Rf2 Qg1+ 50. Kh4 Qh1+ 51. Rh2 Qd1 52. g6 e5 53.
Qf5 Qe1+ 54. Kxh5 Qd1+ 55. Kh6 Qc1+ 56. Qg5 Qc8 57. Qxe5 Qc1+ 58. Qg5 1-0

[Event "Aeroflot Open B 2017"]
[Site "Moscow RUS"]
[Date "2017.02.22"]
[Round "2.24"]
[White "Sviridov, Valery"]
[Black "Arabidze, Meri"]
[Result "1/2-1/2"]
[BlackTitle "IM"]
[WhiteElo "2515"]
[BlackElo "2383"]
[WhiteFideId "4120680"]
[BlackFideId "13604040"]
[EventDate "2017.02.21"]

1. Nf3 f5 2. d3 d5 3. g3 Nf6 4. Bg2 e6 5. O-O Be7 6. c4 O-O 7. b3 Nc6 8. d4 Ne4
9. Bb2 a5 10. Nc3 Bf6 11. e3 Qe7 12. cxd5 Nxc3 13. Bxc3 exd5 14. Ne5 Qe6 15. Rc1
Ne7 16. Qd2 b6 17. Bb2 Bxe5 18. dxe5 c5 19. Rfd1 Bb7 20. f4 Rac8 21. Bf3 Rc7 22.
Qg2 h6 23. g4 fxg4 24. Bxg4 Nf5 25. e4 dxe4 26. Rd6 Qe7 27. Bxf5 Rxf5 28. Rf6 e3
29. Qg6 Rxf6 30. exf6 Qe4 31. Qxe4 Bxe4 32. fxg7 Rd7 33. Bc3 Bf3 34. Re1 Rd3 35.
Be5 b5 36. f5 Rd1 37. Rxd1 Bxd1 38. f6 Bc2 39. Bd6 Bb1 40. a4 bxa4 41. bxa4 c4
42. Bf4 h5 43. Bxe3 c3 44. Kf2 Ba2 45. Ke1 Bb3 46. Bb6 1/2-1/2

[Event "Aeroflot Open B 2017"]
[Site "Moscow RUS"]
[Date "2017.02.22"]
[Round "2.26"]
[White "Moiseenko, Vadim"]
[Black "Nihal, Sarin"]
[Result "1/2-1/2"]
[WhiteTitle "IM"]
[BlackTitle "FM"]
[WhiteElo "2508"]
[BlackElo "2386"]
[WhiteFideId "4123700"]
[BlackFideId "25092340"]
[EventDate "2017.02.21"]

1. d4 e6 2. Nf3 Nf6 3. c4 Bb4+ 4. Bd2 Bxd2+ 5. Nbxd2 d5 6. e3 O-O 7. cxd5 exd5
8. Qc2 Re8 9. Rc1 c6 10. b4 Ne4 11. Nxe4 Bf5 12. Nf6+ Qxf6 13. Bd3 Be4 14. Ne5
Qf5 15. Bxe4 dxe4 16. Qb3 Qe6 17. Qxe6 Rxe6 18. Ke2 Na6 19. Rb1 Nc7 20. Rhc1 Re7
21. a4 a6 22. Nc4 Rd8 23. Na5 Ne8 24. b5 axb5 25. axb5 cxb5 26. Rxb5 Nd6 27. Rb6
g6 28. g4 Kg7 29. Rc5 h6 30. h4 Rdd7 31. h5 g5 32. Rd5 Re6 33. Kf1 Rf6 34. Nb3
Nc4 35. Rxd7 Nxe3+ 36. Ke2 Rxb6 37. Kxe3 Rxb3+ 38. Kxe4 b5 39. Rb7 Rb1 40. d5 b4
41. d6 b3 42. d7 Rd1 43. Rxb3 Rxd7 1/2-1/2

[Event "Aeroflot Open B 2017"]
[Site "Moscow RUS"]
[Date "2017.02.22"]
[Round "2.28"]
[White "Bakunts, Rafael"]
[Black "Triapishko, Alexandr"]
[Result "1/2-1/2"]
[WhiteElo "2386"]
[BlackElo "2500"]
[WhiteFideId "13304097"]
[BlackFideId "14122286"]
[EventDate "2017.02.21"]

1. e4 e5 2. Nf3 Nc6 3. Bb5 a6 4. Ba4 d6 5. c3 Nf6 6. O-O Bd7 7. Re1 g6 8. d4 Bg7
9. Bg5 O-O 10. Nbd2 b5 11. dxe5 Nxe5 12. Bc2 h6 13. Bh4 c5 14. a4 Bc6 15. axb5
axb5 16. Rxa8 Qxa8 17. Nxe5 dxe5 18. Qf3 Nd7 19. Qe3 Qa2 20. Rb1 c4 21. Be7 Ra8
22. Nf1 h5 23. Qd2 Qa6 24. Ne3 Nf6 25. Nd5 Bxd5 26. exd5 Bf8 27. Bxf8 Rxf8 28.
d6 Rd8 29. Rd1 Ne8 30. Qe3 Rxd6 31. Qxe5 Rxd1+ 32. Bxd1 Ng7 33. Be2 Qe6 34. Qxe6
Nxe6 35. Kf1 Kf8 36. Bf3 Ke7 37. Ke2 Kd6 38. Ke3 f5 39. g3 Kc5 40. Bd1 b4 41.
Ba4 bxc3 42. bxc3 Nc7 43. Kf4 Nd5+ 44. Kg5 Nxc3 45. Bc2 Ne4+ 46. Kxg6 Nxf2 47.
Kxh5 Ng4 48. Bxf5 Nxh2 49. g4 Nxg4 1/2-1/2